Loading...
| Science - Biology | 0 | 3 | 0 | 1 | 30 | 83 | 95.00 | 0 | 3 | 5.69 | 12.50 |
| History - Other | 0 | 2 | 0 | 1 | 20 | 19 | 70.50 | 1 | 1 | 8.42 | 12.50 |
| Fine Arts - Other | 0 | 2 | 0 | 1 | 20 | 112 | 122.50 | 0 | 1 | 1.47 | 7.50 |
| Social Science | 0 | 2 | 0 | 0 | 20 | 20 | 48.00 | 1 | 1 | 12.00 | 12.50 |
| Literature - British | 0 | 2 | 0 | 1 | 20 | 140 | 147.00 | 0 | 0 | 0.41 | 5.00 |
| Fine Arts - Classical Music | 0 | 2 | 1 | 2 | 15 | 113 | 118.50 | 0 | 2 | 0.66 | 5.00 |
| History - European | 0 | 1 | 0 | 1 | 10 | 129 | 129.00 | 0 | 0 | 0.08 | 2.50 |
| Literature - American | 0 | 1 | 0 | 0 | 10 | 51 | 51.00 | 0 | 1 | 6.60 | 7.50 |
| Religion | 0 | 1 | 0 | 0 | 10 | 136 | 136.00 | 0 | 1 | 0.14 | 5.00 |
| Science - Chemistry | 0 | 1 | 0 | 1 | 10 | 101 | 101.00 | 0 | 0 | 0.00 | 2.50 |
| Science - Other | 0 | 1 | 0 | 1 | 10 | 124 | 124.00 | 0 | 0 | 0.00 | 2.50 |
| Fine Arts - Painting and Sculpture | 0 | 1 | 0 | 0 | 10 | 93 | 93.00 | 0 | 1 | 2.79 | 7.50 |
| Literature - European | 0 | 1 | 0 | 0 | 10 | 105 | 105.00 | 0 | 1 | 1.80 | 5.00 |
| Literature - World | 0 | 1 | 0 | 0 | 10 | 144 | 144.00 | 0 | 0 | 0.00 | 2.50 |
| Mythology | 0 | 1 | 0 | 0 | 10 | 85 | 85.00 | 0 | 1 | 3.20 | 5.00 |
| History - American | 0 | 1 | 1 | 0 | 5 | 70 | 70.00 | 0 | 1 | 4.07 | 5.00 |
| Other Academic | 0 | 0 | 1 | 0 | -5 | 0.00 | 0 | 0 | 0.00 | 0.00 | |
| Geography | 0 | 0 | 1 | 0 | -5 | 0.00 | 0 | 0 | 0.00 | 0.00 | |
| Science - Physics | 0 | 0 | 2 | 0 | -10 | 0.00 | 0 | 0 | 0.00 | 0.00 |